Loading...
| History - European | 0 | 6 | 1 | 1 | 55 | 11 | 49.50 | 2 | 4 | 0.00 | 0.00 |
| History - American | 0 | 6 | 1 | 0 | 55 | 48 | 59.00 | 0 | 3 | 0.00 | 0.00 |
| History - World | 0 | 5 | 2 | 0 | 40 | 32 | 54.60 | 1 | 1 | 0.00 | 0.00 |
| Literature - World | 0 | 1 | 0 | 0 | 10 | 64 | 64.00 | 0 | 0 | 0.00 | 0.00 |
| Mythology | 0 | 2 | 2 | 0 | 10 | 28 | 34.00 | 0 | 1 | 0.00 | 0.00 |
| Fine Arts - Other | 0 | 1 | 0 | 1 | 10 | 124 | 124.00 | 0 | 0 | 0.00 | 0.00 |
| History - Other | 0 | 2 | 2 | 1 | 10 | 32 | 62.00 | 1 | 1 | 0.00 | 0.00 |
| Literature - American | 0 | 1 | 0 | 0 | 10 | 63 | 63.00 | 0 | 0 | 0.00 | 0.00 |
| Religion | 0 | 1 | 1 | 0 | 5 | 77 | 77.00 | 0 | 1 | 0.00 | 0.00 |
| Social Science | 0 | 1 | 1 | 0 | 5 | 62 | 62.00 | 1 | 1 | 0.00 | 0.00 |
| Pop Culture | 0 | 0 | 1 | 0 | -5 | 0.00 | 0 | 0 | 0.00 | 0.00 |